| 000 | 00653nam a2200193Ia 4500 | ||
|---|---|---|---|
| 008 | 151121s9999||||xx |||||||||||||| ||und|| | ||
| 082 | _a780/पत्की | ||
| 082 | _bHNW-12063 | ||
| 100 | _aपत्की ज। दे।- प्रका। | ||
| 245 | _aअप्रकाशित राग | ||
| 260 | _b"पत्की, वर्धा" | ||
| 260 | _c-- | ||
| 300 | _a72 | ||
| 600 | _aपत्की ज। दे।- प्रका। | ||
| 630 | _aअप्रकाशित राग | ||
| 700 | _aपत्की ज। दे।- प्रका। | ||
| 730 | _aअप्रकाशित राग | ||
| 942 | _cBOOK | ||
| 999 |
_c1216666 _d1216663 |
||